Código Civil y Comercial de la Nación (Registro nro. 3454)
[ vista simple ]
| 000 -LEADER | |
|---|---|
| fixed length control field | 02538 a2200361 4500 |
| 001 - CONTROL NUMBER | |
| control field | 41310 |
| 005 - DATE AND TIME OF LATEST TRANSACTION | |
| control field | 20260407155707.0 |
| 008 - FIXED-LENGTH DATA ELEMENTS--GENERAL INFORMATION | |
| fixed length control field | 260407a2015 arg spa d |
| 003 - CONTROL NUMBER IDENTIFIER | |
| control field | AR-UNSa-BCEJYS |
| 040 ## - CATALOGING SOURCE | |
| Original cataloging agency | AR-UNSa-BCEJYS |
| Language of cataloging | spa |
| Transcribing agency | AR-UNSa-BCEJYS |
| 080 ## - UNIVERSAL DECIMAL CLASSIFICATION NUMBER | |
| Universal Decimal Classification number | 347.51 |
| Common auxiliary subdivision | Responsabilidad civil en general |
| 041 ## - LANGUAGE CODE | |
| Language code of text/sound track or separate title | spa |
| 100 1# - MAIN ENTRY--PERSONAL NAME | |
| Personal name | Arias Cáu, Esteban J. |
| 245 10 - TITLE STATEMENT | |
| Title | Código Civil y Comercial de la Nación |
| Name of part/section of a work | Responsabilidad civil |
| 264 #1 - PRODUCTION, PUBLICATION, DISTRIBUTION, MANUFACTURE, AND COPYRIGHT NOTICE | |
| Place of production, publication, distribution, manufacture | Buenos Aires : |
| Name of producer, publisher, distributor, manufacturer | Erreius |
| Date of production, publication, distribution, manufacture, or copyright notice | 2015 |
| 300 ## - PHYSICAL DESCRIPTION | |
| Extent | 107 p. |
| Dimensions | 26 cm. |
| 505 ## - FORMATTED CONTENTS NOTE | |
| Formatted contents note | 1. La nueva estructura de la responsabilidad civil en el Código Civil y Comercial de la Nación / Rodolfo González Zavala - 2. La valoración del daño en el Código Civil y Comercial de la Nación / Esteban J. Arias y Matías L. Nieto - 3. La responsabilidad parental en el Código Civil y Comercial de la Nación. Nuevos conceptos para realidades cambiantes / Diego Mielnicki y Facundo J. Roitman - 4. Responsabilidad colectiva y anónima en el Código Civil y Comercial de la Nación / Marcelo A. Lencina - 5. Apostillas sobre la responsabilidad de la persona jurídica y de sus administradores en la nueva legislación civil y comercial / Mauricio Boretto - 6. La responsabilidad civil en el Código Civil y Comercial de la Nación, con especial referencia a los establecimientos educativos / Darío A. Victorre - 7. La responsabilidad civil del abogado en el Código Civil y Comercial de la Nación / Sandra M. Wierzba - 8. El Código Civil y Comercial de la Nación y las relaciones entre la acción civil y penal / Graciela Lovece - 9. Responsabilidad del gestor en el Código Civil y Comercial de la Nación / Marcelo Hersalis - 10. Responsabilidad civil extracontractual multinacional. Un panorama actual de su regulación en el Código Civil y Comercial de la Nación / Pablo R. Masud - 11. Responsabilidad civil por daño ambiental de incidencia colectiva en el Código Civil y Comercial de la Nación / Luis Cavalli |
| 590 ## - LOCAL NOTE (RLIN) | |
| Local note | niveau_biblio:m niveau_hierar:0 |
| 700 1# - ADDED ENTRY--PERSONAL NAME | |
| Personal name | González Zavala, Rodolfo |
| 700 1# - ADDED ENTRY--PERSONAL NAME | |
| Personal name | Nieto, Matías L. |
| 700 1# - ADDED ENTRY--PERSONAL NAME | |
| Personal name | Mielnicki, Diego |
| 700 1# - ADDED ENTRY--PERSONAL NAME | |
| Personal name | Roitman, Facundo J. |
| 700 1# - ADDED ENTRY--PERSONAL NAME | |
| Personal name | Lencina, Marcelo A. |
| 700 1# - ADDED ENTRY--PERSONAL NAME | |
| Personal name | Boretto, Mauricio |
| 700 1# - ADDED ENTRY--PERSONAL NAME | |
| Personal name | Victtore, Darío A. |
| 700 1# - ADDED ENTRY--PERSONAL NAME | |
| Personal name | Wierzba, Sandra M. |
| 700 1# - ADDED ENTRY--PERSONAL NAME | |
| Personal name | Lovece, Graciela |
| 700 1# - ADDED ENTRY--PERSONAL NAME | |
| Personal name | Hersalis, Marcelo |
| 700 1# - ADDED ENTRY--PERSONAL NAME | |
| Personal name | Masud, Pablo R. |
| 700 1# - ADDED ENTRY--PERSONAL NAME | |
| Personal name | Cavalli, Luis |
| 856 41 - ELECTRONIC LOCATION AND ACCESS | |
| Uniform Resource Identifier | <a href="https://biblioeco.unsa.edu.ar/pmb/images/libros/E00026.jpg">https://biblioeco.unsa.edu.ar/pmb/images/libros/E00026.jpg</a> |
| Link text | Imagen de portada |
| Electronic format type | image/jpeg |
| 942 ## - ADDED ENTRY ELEMENTS (KOHA) | |
| Koha item type | |
| Withdrawn status | Lost status | Damaged status | Not for loan | Home library | Current library | Shelving location | Date acquired | Total checkouts | Full call number | Barcode | Date last seen | Price effective from | Koha item type |
|---|---|---|---|---|---|---|---|---|---|---|---|---|---|
| Biblioteca Prof. Eusebio Cleto del Rey | Biblioteca Prof. Eusebio Cleto del Rey | 07/04/2026 | E347.51 C669/ER | E00026 | 07/04/2026 | 07/04/2026 | Libro |